La scuola del diritto naturale nelle dottrine etico-giuridiche dei secoli XVII e XVIII / (Record no. 171563)

MARC details
000 -LEADER
campo de control de longitud fija 00450nam a22001455i 4500
001 - NÚMERO DE CONTROL
campo de control 171563
003 - IDENTIFICADOR DE NÚMERO DE CONTROL
campo de control ES-MaACL
005 - FECHA Y HORA DE LA ÚLTIMA TRANSACCIÓN
campo de control 20230906214649.0
008 - DATOS DE LONGITUD FIJA--INFORMACIÓN GENERAL
campo de control de longitud fija 090520s1904 it |||| | ita d
100 1# - ENTRADA PRINCIPAL--NOMBRE DE PERSONA
Nombre de persona Solari, Gioele.
9 (RLIN) 140246
245 13 - MENCIÓN DEL TÍTULO
Título La scuola del diritto naturale nelle dottrine etico-giuridiche dei secoli XVII e XVIII /
Mención de responsabilidad, etc. Gioele Solari.
260 ## - PUBLICACIÓN, DISTRIBUCIÓN, ETC.
Lugar de publicación, distribución, etc. Torino :
Nombre del editor, distribuidor, etc. Bocca,
Fecha de publicación, distribución, etc. 1904.
300 ## - DESCRIPCIÓN FÍSICA
Extensión 224 p. ;
Dimensiones 24 cm.
852 ## - LOCALIZACIÓN
Ubicación ES-MaACL
Número de control de estantería G-5361
Holdings
Estatus retirado Estado de pérdida Estado de daño No para préstamo Biblioteca de origen Biblioteca actual Ubicación en estantería Fecha de adquisición Fuente de adquisición Total de préstamos Signatura topográfica completa Código de barras Visto por última vez Precio de reemplazo Tipo de ítem Koha
        Biblioteca del Ateneo de Madrid Biblioteca del Ateneo de Madrid Depósito 2 20/05/2009     G-5361 1180042 23/02/2023 23/02/2023 Libro impreso